[Event "MCR_CF26"]
[Site "?"]
[Date "2009.??.??"]
[Round "?"]
[White "Houdek, Vladimir"]
[Black "Krizek, Alex"]
[Result "1-0"]
[WhiteElo "2161"]
[BlackElo "1981"]
[PlyCount "67"]
[EventDate "2009.??.??"]
[EventType "corr"]
[EventRounds "2"]

1. e4 c5 2. Nf3 d6 3. Bb5+ Bd7 4. Bxd7+ Nxd7 5. O-O Ngf6 6. d3 e6 7. Nc3 Be7 8.
Ng5 O-O 9. f4 d5 10. Qf3 h6 11. Nh3 d4 12. Ne2 b5 13. c3 dxc3 14. Nxc3 b4 15.
Ne2 a5 16. Be3 a4 17. Rac1 Rc8 18. Nf2 Qc7 19. g4 Nh7 20. Qg3 Rfd8 21. h4 Ndf8
22. g5 hxg5 23. hxg5 Ng6 24. Qh3 e5 25. f5 Nf4 26. Bxf4 exf4 27. g6 fxg6 28.
fxg6 Ng5 29. Qg4 f3 30. Ng3 Qe5 31. Nf5 Bf6 32. Rc4 Qxb2 33. Qh5 Qe5 34. Rc2
1-0

[Event "MCR_CF26"]
[Site "?"]
[Date "2009.??.??"]
[Round "?"]
[White "Houdek, Vladimir"]
[Black "Masek, Frantisek"]
[Result "1-0"]
[WhiteElo "2161"]
[BlackElo "1844"]
[PlyCount "61"]
[EventDate "2009.??.??"]
[EventType "corr"]
[EventRounds "2"]

1. e4 e5 2. Nf3 Nc6 3. d4 exd4 4. Nxd4 Nf6 5. Nxc6 bxc6 6. Bd3 d6 7. O-O Be7 8.
Nd2 O-O 9. Nb3 d5 10. e5 Nd7 11. Re1 f6 12. Qh5 g6 13. Bxg6 hxg6 14. Qxg6+ Kh8
15. e6 Ne5 16. Qh6+ Kg8 17. Nd4 Qe8 18. Re3 Ng4 19. Rg3 Bxe6 20. Nxe6 Kf7 21.
Nd8+ Qxd8 22. Rxg4 Ke6 23. Qh3 f5 24. Rg7 Rg8 25. Rh7 Rb8 26. Bd2 Bg5 27. Re1+
Kd6 28. Qg3+ Kc5 29. Qc3+ Kd6 30. b4 Rb5 31. Qe5# 1-0

[Event "MCR_CF26"]
[Site "?"]
[Date "2009.??.??"]
[Round "?"]
[White "Houdek, Vladimir"]
[Black "Smolka, Jan"]
[Result "0-1"]
[WhiteElo "2161"]
[BlackElo "2023"]
[PlyCount "46"]
[EventDate "2009.??.??"]
[EventType "corr"]
[EventRounds "2"]

1. e4 e5 2. Nf3 Nc6 3. Bb5 a6 4. Ba4 b5 5. Bb3 Bc5 6. O-O d6 7. c3 Bg4 8. Bd5
Qd7 9. b4 Ba7 10. Bxc6 Qxc6 11. Nxe5 dxe5 12. Qxg4 Nf6 13. Qd1 Nxe4 14. Qf3 Qd5
15. d3 Nf6 16. Qg3 O-O-O 17. a4 bxa4 18. d4 exd4 19. Rxa4 Qc6 20. Ra3 Rhe8 21.
Nd2 Re3 22. Nf3 Rxc3 23. Ra1 d3 0-1

[Event "MCR_CF26"]
[Site "?"]
[Date "2009.??.??"]
[Round "?"]
[White "Houdek, Vladimir"]
[Black "Stepan, Josef"]
[Result "1-0"]
[WhiteElo "2161"]
[BlackElo "1840"]
[PlyCount "69"]
[EventDate "2009.??.??"]
[EventType "corr"]
[EventRounds "2"]

1. e4 d6 2. d4 Nf6 3. Nc3 g6 4. Nf3 Bg7 5. Be2 O-O 6. O-O c6 7. Re1 Qc7 8. e5
dxe5 9. Nxe5 Nfd7 10. Nf3 Nb6 11. Qd2 Bf5 12. Bd3 Bxd3 13. Qxd3 e6 14. Qe4 N8d7
15. Bf4 Qd8 16. Bg5 Nf6 17. Qh4 Nbd5 18. Ne4 h6 19. Nxf6+ Nxf6 20. Bxh6 Nh7 21.
Bg5 Bf6 22. Bxf6 Qxf6 23. Qh6 Qg7 24. Qc1 Qf6 25. Re4 Kg7 26. Rf4 Qe7 27. Rh4
Rh8 28. Qh6+ Kg8 29. Ne5 Qf8 30. Qf4 Qe7 31. Re1 Rf8 32. Qh6 Re8 33. Nxg6 fxg6
34. Qxg6+ Qg7 35. Qxe8+ 1-0

[Event "MCR_CF26"]
[Site "?"]
[Date "2009.??.??"]
[Round "?"]
[White "Krizek, Alex"]
[Black "Houdek, Vladimir"]
[Result "0-1"]
[WhiteElo "1981"]
[BlackElo "2161"]
[PlyCount "56"]
[EventDate "2009.??.??"]
[EventType "corr"]
[EventRounds "2"]

1. e4 e5 2. Nf3 Nc6 3. Bb5 a6 4. Ba4 Nf6 5. O-O Be7 6. d3 d6 7. Be3 O-O 8. c4
Ng4 9. Nc3 f5 10. Bd2 Nd4 11. Nxd4 exd4 12. Nd5 c6 13. Ba5 Qxa5 14. Nxe7+ Kh8
15. h3 Nh6 16. Nxc8 Raxc8 17. f3 f4 18. Bb3 Qg5 19. Qd2 Nf7 20. Qf2 c5 21. Bc2
Ne5 22. a3 Rf6 23. Kh2 Rg6 24. Rg1 Qh5 25. Raf1 Rf8 26. Qd2 b6 27. Rf2 Qh4 28.
Qe1 Rg3 0-1

[Event "MCR_CF26"]
[Site "?"]
[Date "2009.??.??"]
[Round "?"]
[White "Krizek, Alex"]
[Black "Masek, Frantisek"]
[Result "1-0"]
[WhiteElo "1981"]
[BlackElo "1844"]
[PlyCount "77"]
[EventDate "2009.??.??"]
[EventType "corr"]
[EventRounds "2"]

1. e4 e5 2. Nf3 Nf6 3. Nc3 Nc6 4. Bc4 Nxe4 5. O-O Nxc3 6. dxc3 Qe7 7. Qe2 d6 8.
h3 Be6 9. Bxe6 Qxe6 10. Qb5 O-O-O 11. Be3 g6 12. Ng5 Qf5 13. Qd5 Rd7 14. Ne4
Bg7 15. b4 h5 16. a4 Re8 17. a5 Ne7 18. Qd3 Kb8 19. Rfd1 Rdd8 20. a6 b6 21. c4
Qc8 22. Bg5 f5 23. Nf6 Rh8 24. Ra3 Nc6 25. Nd5 Rd7 26. b5 e4 27. Qe3 Ne5 28.
Ra4 Rf8 29. Bf4 Re8 30. Nb4 Bf6 31. Bxe5 Bxe5 32. Qd2 e3 33. Nc6+ Ka8 34. Qd5
e2 35. Re1 Bc3 36. Rxe2 Rxe2 37. Ne7+ c6 38. bxc6 Rdxe7 39. c7+ 1-0

[Event "MCR_CF26"]
[Site "?"]
[Date "2009.??.??"]
[Round "?"]
[White "Krizek, Alex"]
[Black "Smolka, Jan"]
[Result "0-1"]
[WhiteElo "1981"]
[BlackElo "2023"]
[PlyCount "22"]
[EventDate "2009.??.??"]
[EventType "corr"]
[EventRounds "2"]

1. e4 e5 2. Nf3 Nc6 3. Bb5 a6 4. Ba4 b5 5. Bb3 Bc5 6. c3 d6 7. d4 exd4 8. cxd4
Bb6 9. O-O Nf6 10. Bg5 h6 11. Bxh6 Rxh6 0-1

[Event "MCR_CF26"]
[Site "?"]
[Date "2009.??.??"]
[Round "?"]
[White "Krizek, Alex"]
[Black "Stepan, Josef"]
[Result "1-0"]
[WhiteElo "1981"]
[BlackElo "1840"]
[PlyCount "47"]
[EventDate "2009.??.??"]
[EventType "corr"]
[EventRounds "2"]

1. e4 d6 2. d4 Nf6 3. Nc3 g6 4. Nf3 Bg7 5. Bg5 c6 6. Bc4 b5 7. Bd3 h6 8. Bd2 a6
9. O-O Bg4 10. a4 Nbd7 11. axb5 cxb5 12. h3 Bxf3 13. Qxf3 O-O 14. Rfe1 e5 15.
Be3 Re8 16. Qe2 exd4 17. Bxd4 Nc5 18. Qf3 Nxd3 19. Qxd3 Qc7 20. Bxf6 Bxf6 21.
Nd5 Qd8 22. Rxa6 Rxa6 23. Qxb5 Ra8 24. Qxe8+ 1-0

[Event "MCR_CF26"]
[Site "?"]
[Date "2009.??.??"]
[Round "?"]
[White "Masek, Frantisek"]
[Black "Houdek, Vladimir"]
[Result "0-1"]
[WhiteElo "1844"]
[BlackElo "2161"]
[PlyCount "118"]
[EventDate "2009.??.??"]
[EventType "corr"]
[EventRounds "2"]

1. c4 e5 2. Nc3 Nf6 3. Nf3 Nc6 4. g3 d5 5. cxd5 Nxd5 6. Bg2 Nb6 7. O-O Be7 8.
a4 a5 9. b3 O-O 10. Bb2 Be6 11. d3 f6 12. Rc1 Qd7 13. Ne4 Rad8 14. Re1 Bd5 15.
Nc3 Bf7 16. Rf1 Be6 17. Ne4 Bh3 18. Nc5 Bxc5 19. Bxh3 Qxh3 20. Rxc5 e4 21. Ne1
Rfe8 22. Qc2 Qe6 23. dxe4 Qxe4 24. e3 Nd7 25. Qxe4 Rxe4 26. Rc3 Ndb8 27. Nd3
Na6 28. Kg2 Ncb4 29. Rd1 Re7 30. Kf3 Red7 31. Ke2 b6 32. f4 Nc5 33. Nf2 Rxd1
34. Nxd1 Ne4 35. Rxc7 Rd2+ 36. Kf3 Nc5 37. Bd4 Rxd1 38. Bxc5 bxc5 39. Rxc5 Rd5
40. Rxd5 Nxd5 41. Ke4 Nb4 42. Kd4 Kf7 43. Kc5 Ke6 44. Kb5 Kd6 45. Kxa5 Kc5 46.
e4 h5 47. h3 g5 48. e5 Nc6+ 49. Ka6 h4 50. exf6 hxg3 51. f7 Nb8+ 52. Kb7 Nd7
53. Kc7 Nf8 54. fxg5 g2 55. Kd8 g1=Q 56. Ke8 Kd6 57. Kxf8 Qxg5 58. h4 Qf6 59.
Kg8 Ke7 0-1

[Event "MCR_CF26"]
[Site "?"]
[Date "2009.??.??"]
[Round "?"]
[White "Masek, Frantisek"]
[Black "Krizek, Alex"]
[Result "1/2-1/2"]
[WhiteElo "1844"]
[BlackElo "1981"]
[PlyCount "76"]
[EventDate "2009.??.??"]
[EventType "corr"]
[EventRounds "2"]

1. c4 e5 2. Nc3 Nf6 3. g3 Nc6 4. Bg2 Bc5 5. d3 O-O 6. Nf3 d5 7. cxd5 Nxd5 8.
O-O Nxc3 9. bxc3 Rb8 10. Rb1 Be6 11. Qc2 f6 12. e3 Qd7 13. d4 Be7 14. Rd1 e4
15. Ne1 Bg4 16. Rd2 f5 17. Bb2 b5 18. c4 Nb4 19. Qb3 bxc4 20. Qxc4+ Nd5 21. Nd3
Qe6 22. Ne5 Rb6 23. Nxg4 fxg4 24. Qc2 Bb4 25. Rdd1 Re8 26. a3 Bd6 27. Rdc1 c6
28. Kh1 Nf6 29. a4 Reb8 30. a5 Rb4 31. Bc3 Rxb1 32. Rxb1 Rxb1+ 33. Qxb1 Qc4 34.
Qe1 Kf7 35. Qd2 Nd5 36. Bb2 Bb4 37. Qc1 Qe2 38. Bxe4 h5 1/2-1/2

[Event "MCR_CF26"]
[Site "?"]
[Date "2009.??.??"]
[Round "?"]
[White "Masek, Frantisek"]
[Black "Smolka, Jan"]
[Result "0-1"]
[WhiteElo "1844"]
[BlackElo "2023"]
[PlyCount "68"]
[EventDate "2009.??.??"]
[EventType "corr"]
[EventRounds "2"]

1. e4 e5 2. Nc3 Nf6 3. Bc4 Nc6 4. d3 Na5 5. Bb5 c6 6. Ba4 b5 7. Bb3 Be7 8. f4
exf4 9. Bxf4 d5 10. exd5 b4 11. Nce2 Nxb3 12. axb3 Nxd5 13. Nf3 O-O 14. O-O Re8
15. Bd2 Bf6 16. c3 Qb6+ 17. d4 Bg4 18. Rf2 c5 19. dxc5 Qxc5 20. cxb4 Qb6 21.
Bc3 Bxf3 22. gxf3 Ne3 23. Qb1 Bh4 24. Ng3 f5 25. Rd2 Rad8 26. Kh1 Rxd2 27. Bxd2
Qc6 28. Kg1 Qxf3 29. Bxe3 Qxe3+ 30. Kg2 Qd2+ 31. Kg1 Bxg3 32. hxg3 Re2 33. Qf1
Qe3+ 34. Kh1 Qh6+ 0-1

[Event "MCR_CF26"]
[Site "?"]
[Date "2009.??.??"]
[Round "?"]
[White "Masek, Frantisek"]
[Black "Stepan, Josef"]
[Result "1-0"]
[WhiteElo "1844"]
[BlackElo "1840"]
[PlyCount "75"]
[EventDate "2009.??.??"]
[EventType "corr"]
[EventRounds "2"]

1. e4 d6 2. d4 Nf6 3. Nc3 g6 4. Nf3 Bg7 5. Be2 O-O 6. O-O c6 7. Bg5 h6 8. Bf4
Nh5 9. Be3 e5 10. Qd2 Kh7 11. Rfd1 Qc7 12. dxe5 dxe5 13. Bc5 Re8 14. Bd6 Qd8
15. Qe3 Nd7 16. Bc4 Kg8 17. a4 Qb6 18. Qd2 a5 19. Ra3 Nc5 20. Qe3 Nd7 21. Qc1
Nc5 22. h3 Be6 23. Bxe6 Rxe6 24. Qe3 Nd7 25. Qxb6 Nxb6 26. Bc5 Nc4 27. Rb3 b6
28. Bxb6 Nxb6 29. Rxb6 Nf6 30. Re1 Bf8 31. Rb7 Bb4 32. Re3 Bxc3 33. bxc3 Ne8
34. Nd2 Nd6 35. Rd7 Kf8 36. Rd3 Nc8 37. Nc4 f6 38. Rh7 1-0

[Event "MCR_CF26"]
[Site "?"]
[Date "2009.??.??"]
[Round "?"]
[White "Smolka, Jan"]
[Black "Houdek, Vladimir"]
[Result "1/2-1/2"]
[WhiteElo "2023"]
[BlackElo "2161"]
[PlyCount "53"]
[EventDate "2009.??.??"]
[EventType "corr"]
[EventRounds "2"]

1. e4 e5 2. Nf3 Nc6 3. Bb5 a6 4. Bxc6 dxc6 5. O-O Qd6 6. Na3 b5 7. c3 c5 8. Nc2
Bb7 9. Re1 Ne7 10. a4 b4 11. cxb4 cxb4 12. b3 c5 13. Ne3 Ng6 14. Nc4 Qc7 15.
Bb2 f6 16. Qc2 Rd8 17. Rad1 Bc8 18. g3 Bg4 19. Re3 Be7 20. a5 O-O 21. Rc1 Kh8
22. Nb6 Qb7 23. Nd5 Bd6 24. Nb6 Qf7 25. Qc4 Qxc4 26. Nxc4 Be7 27. Kg2 1/2-1/2

[Event "MCR_CF26"]
[Site "?"]
[Date "2009.??.??"]
[Round "?"]
[White "Smolka, Jan"]
[Black "Krizek, Alex"]
[Result "1/2-1/2"]
[WhiteElo "2023"]
[BlackElo "1981"]
[PlyCount "49"]
[EventDate "2009.??.??"]
[EventType "corr"]
[EventRounds "2"]

1. d4 Nf6 2. Nf3 d5 3. e3 Bf5 4. Bd3 Bxd3 5. Qxd3 c6 6. O-O e6 7. Nbd2 Nbd7 8.
e4 dxe4 9. Nxe4 Nxe4 10. Qxe4 Nf6 11. Qh4 Be7 12. Qg3 O-O 13. Bh6 Ne8 14. Rfe1
Qd6 15. Bf4 Qb4 16. Ne5 Qxb2 17. Rab1 Qxd4 18. Rxb7 Bd6 19. h4 Nf6 20. c3 Qa4
21. Bh6 Ne8 22. f4 Bc5+ 23. Kh2 Qxa2 24. Qg5 Qd2 25. Reb1 1/2-1/2

[Event "MCR_CF26"]
[Site "?"]
[Date "2009.??.??"]
[Round "?"]
[White "Smolka, Jan"]
[Black "Masek, Frantisek"]
[Result "1-0"]
[WhiteElo "2023"]
[BlackElo "1844"]
[PlyCount "63"]
[EventDate "2009.??.??"]
[EventType "corr"]
[EventRounds "2"]

1. d4 c6 2. Nf3 d5 3. e3 Bg4 4. h3 Bxf3 5. Qxf3 e5 6. dxe5 Nd7 7. Qg3 Qe7 8. f4
O-O-O 9. c4 Qb4+ 10. Nd2 Nc5 11. cxd5 Rxd5 12. a3 Qa4 13. Bc4 Rxd2 14. b3 Qa5
15. b4 Qd8 16. Bxd2 Ne4 17. Qg4+ Kb8 18. O-O-O Nf2 19. Bc3 Qe7 20. Qd7 Nxd1 21.
Rxd1 Qxd7 22. Rxd7 Nh6 23. Bxf7 Nxf7 24. Rxf7 Rg8 25. e6 Bd6 26. Rd7 Bc7 27.
Bxg7 Kc8 28. f5 Rd8 29. Rxc7+ Kxc7 30. Be5+ Kc8 31. f6 Re8 32. f7 1-0

[Event "MCR_CF26"]
[Site "?"]
[Date "2009.??.??"]
[Round "?"]
[White "Smolka, Jan"]
[Black "Stepan, Josef"]
[Result "1-0"]
[WhiteElo "2023"]
[BlackElo "1840"]
[PlyCount "51"]
[EventDate "2009.??.??"]
[EventType "corr"]
[EventRounds "2"]

1. d4 Nf6 2. Nf3 d5 3. e3 e6 4. Bd3 Nbd7 5. Nbd2 c5 6. c3 Be7 7. O-O O-O 8. Re1
b6 9. e4 dxe4 10. Nxe4 Bb7 11. Nxf6+ Nxf6 12. dxc5 Bxc5 13. Bg5 h6 14. Bh4 Bd6
15. Ne5 Be7 16. Qa4 g5 17. Bg3 Nh5 18. Rad1 Qc8 19. Qg4 Nxg3 20. hxg3 Kg7 21.
Qh5 Qe8 22. Qe2 f6 23. Bb5 Qc8 24. Rd7 Re8 25. Bd3 Bc6 26. Qh5 1-0

[Event "MCR_CF26"]
[Site "?"]
[Date "2009.??.??"]
[Round "?"]
[White "Stepan, Josef"]
[Black "Houdek, Vladimir"]
[Result "0-1"]
[WhiteElo "1840"]
[BlackElo "2161"]
[PlyCount "70"]
[EventDate "2009.??.??"]
[EventType "corr"]
[EventRounds "2"]

1. d4 d5 2. c4 dxc4 3. Nf3 Nf6 4. e3 e6 5. Bxc4 c5 6. O-O a6 7. Qe2 b5 8. Bb3
Bb7 9. Rd1 Nbd7 10. Nc3 Qb8 11. e4 cxd4 12. Rxd4 Bc5 13. Rd1 Ng4 14. Rf1 O-O
15. Nd1 Rc8 16. h3 Ngf6 17. Bc2 Qc7 18. Bd3 Bd6 19. Bg5 Bf4 20. a3 Bxg5 21.
Nxg5 Qf4 22. Qe3 Qxe3 23. Nxe3 h6 24. Nf3 Nc5 25. e5 Nxd3 26. exf6 Bxf3 27.
gxf3 Nxb2 28. fxg7 Kxg7 29. Rfb1 Nd3 30. a4 b4 31. Rb3 Rc3 32. Rxc3 bxc3 33.
Nc2 Rb8 34. Ra3 Nf4 35. Rxc3 Ne2+ 0-1

[Event "MCR_CF26"]
[Site "?"]
[Date "2009.??.??"]
[Round "?"]
[White "Stepan, Josef"]
[Black "Krizek, Alex"]
[Result "1/2-1/2"]
[WhiteElo "1840"]
[BlackElo "1981"]
[PlyCount "54"]
[EventDate "2009.??.??"]
[EventType "corr"]
[EventRounds "2"]

1. d4 Nf6 2. c4 d5 3. Nf3 e6 4. g3 Nc6 5. Bg2 dxc4 6. Qa4 Bd6 7. Qxc4 O-O 8.
O-O e5 9. dxe5 Nxe5 10. Nxe5 Bxe5 11. Nc3 c6 12. Bf4 Be6 13. Qb4 Bxf4 14. Qxf4
Qb6 15. b3 Rad8 16. Rad1 Qa5 17. Qc1 h6 18. Qc2 Bf5 19. e4 Bg4 20. f3 Qc5+ 21.
Kh1 Be6 22. Rf2 Rxd1+ 23. Nxd1 Qa5 24. Rd2 Rd8 25. Nc3 Rd7 26. Rxd7 Bxd7 27.
Bf1 Qc5 1/2-1/2

[Event "MCR_CF26"]
[Site "?"]
[Date "2009.??.??"]
[Round "?"]
[White "Stepan, Josef"]
[Black "Masek, Frantisek"]
[Result "0-1"]
[WhiteElo "1840"]
[BlackElo "1844"]
[PlyCount "54"]
[EventDate "2009.??.??"]
[EventType "corr"]
[EventRounds "2"]

1. d4 c6 2. c4 d5 3. Nf3 e6 4. e3 Bd6 5. Nc3 Nf6 6. Bd3 O-O 7. O-O b6 8. b3 Bb7
9. Bb2 c5 10. Nb5 Be7 11. dxc5 Bxc5 12. Ne5 a6 13. Nd4 Qc7 14. f4 Nbd7 15. Nxd7
Qxd7 16. Qe2 Rfd8 17. Nf3 Ng4 18. Bxh7+ Kxh7 19. Ng5+ Kg8 20. Qxg4 dxc4 21.
Bxg7 f5 22. Qh3 Qxg7 23. Nxe6 Bxe3+ 24. Kh1 Bxg2+ 25. Qxg2 Qxg2+ 26. Kxg2 Rd6
27. Ng5 c3 0-1

[Event "MCR_CF26"]
[Site "?"]
[Date "2009.??.??"]
[Round "?"]
[White "Stepan, Josef"]
[Black "Smolka, Jan"]
[Result "0-1"]
[WhiteElo "1840"]
[BlackElo "2023"]
[PlyCount "40"]
[EventDate "2009.??.??"]
[EventType "corr"]
[EventRounds "2"]

1. d4 Nf6 2. c4 g6 3. Nc3 d5 4. cxd5 Nxd5 5. e4 Nxc3 6. bxc3 Bg7 7. Bc4 O-O 8.
Ne2 c5 9. O-O Nc6 10. Be3 Bg4 11. f3 Na5 12. Bd3 cxd4 13. cxd4 Be6 14. d5 Bxa1
15. Qxa1 f6 16. Bh6 Re8 17. Nf4 Bd7 18. e5 Rc8 19. g4 Qc7 20. exf6 Qb6+ 0-1